|
|
|
|
| LEADER |
00000nam0a2200000 4500 |
| 001 |
316466 |
| 005 |
20231102002858.0 |
| 035 |
|
|
|a (RuTPU)RU\TPU\book\341904
|
| 090 |
|
|
|a 316466
|
| 100 |
|
|
|a 20160322d1969 km y0rusy50 ca
|
| 101 |
0 |
|
|a rus
|
| 102 |
|
|
|a RU
|
| 105 |
|
|
|a a z 001zy
|
| 200 |
1 |
|
|a Электроннолучевые системы электростатической записи
|f М. Я. Муляров [и др.]
|g под ред. М. Г. Рейнберга
|
| 210 |
|
|
|a Москва
|c Энергия
|d 1969
|
| 215 |
|
|
|a 80 с.
|c ил.
|
| 225 |
1 |
|
|a Библиотека по автоматике
|v Вып. 344
|
| 320 |
|
|
|a Библиогр.: с. 75-77
|
| 606 |
1 |
|
|a Электронно-лучевые трубки (ЭЛТ)
|2 stltpush
|3 (RuTPU)RU\TPU\subj\20402
|9 45509
|
| 606 |
1 |
|
|a Электростатическая запись
|2 stltpush
|3 (RuTPU)RU\TPU\subj\20871
|9 45934
|
| 610 |
1 |
|
|a информация
|
| 610 |
1 |
|
|a запись
|
| 610 |
1 |
|
|a конструкции
|
| 610 |
1 |
|
|a физические процессы
|
| 610 |
1 |
|
|a электрография
|
| 610 |
1 |
|
|a изображения
|
| 610 |
1 |
|
|a проявление
|
| 610 |
1 |
|
|a закрепление
|
| 610 |
1 |
|
|a механические узлы
|
| 610 |
1 |
|
|a регистраторы
|
| 675 |
|
|
|a 621.385.832
|v 4
|
| 675 |
|
|
|a 681.327.11
|v 4
|
| 701 |
|
1 |
|a Муляров
|b М. Я.
|
| 701 |
|
1 |
|a Пятигорский
|b Б. М.
|
| 701 |
|
1 |
|a Рейнберг
|b М. Г.
|
| 701 |
|
1 |
|a Фихман
|b И. Д.
|
| 702 |
|
1 |
|a Рейнберг
|b М. Г.
|4 340
|
| 801 |
|
1 |
|a RU
|b 63413507
|c 20160322
|
| 801 |
|
2 |
|a RU
|b 63413507
|c 20171026
|g RCR
|
| 942 |
|
|
|c BK
|